LEADER 01321nam a2200325 u 4500 001 000000039573 003 CaOOAMICUS 005 20071121122536.0 008 980515s1996 it u000 u ita u 020 $a8814056501 035 $a10794843 040 $aPUL(R)$bita 100 1 $aPera, Giuseppe.$0(OLS)http://pul/name/29412 245 10$aCompendio di diritto del lavoro /$cGiuseppe Pera. 250 $a3. ed. 260 $aMilano :$bGiuffrè,$c1996. 300 $axvii, 280 p. ;$c23 cm 490 1 $aPiccola biblioteca Giuffrè.$aTesti di prepazione giuridica ed economica 500 $aContiene indici. 500 $aTesti di preparazione giuridica ed economica. 650 4$aDiritto del lavoro.$0(OLS)http://pul/subject/1096 830 0$aPiccola biblioteca Giuffrè.$pTesti di prepazione giuridica ed economica.$0(OLS)http://pul/title/53563 850 $aPUL 852 $aPUL$W1$xSL Diritto e Scienze Sociali 1$y4$m176 D 83$j53841$nBK-PRI$b $qStampati$B53841$CPULBib$Z2$F53841 $H $81 941 1 $a8 960 $aLavoro (Diritto)$91096 961 $aINV: 75258 996 $6020$a8814056501$9(OLS)http://pul/number/49252 996 $6245$aCompendio di diritto del lavoro$9(OLS)http://pul/title/53562 996 $6260$aMilano :$bGiuffrè$9(OLS)http://pul/publisher/48401 LEADER 02573nam a2200337 u 4500 001 000000046048 003 CaOOAMICUS 005 20070226114730.0 008 990622r1971 sw u000 u lat u 035 $a10827685 040 $aPUL(R)$bita 245 00$aConcilium Basiliense :$bStudien und Quellen zur Geschichte des Concils von Basel /$cherausgegeben mit Unterstützung der historischen und Antiquarischen Gesellschaft von Basel. 260 $aBasel :$bKraus Reprint,$c1971. 300 $a8 v. ;$c24 cm 500 $aInclude indici. 500 $aOgni volume riporta l'anno della prima stampa. 505 0 $aBd. I: Studien und Dokumente 1431-1437 --Bd. II. Protokolle des Concils 1431-1433 -- Bd. III. Protokolle des Concils von 1434-1435 -- Bd. IV: Protokolle des Concils von 1436 -- Bd. V. Tagebücher und Acten -- Bd. VI. 1. Protokolle desConcils 1436-1439; 2. Register -- Bd. VII. Protokolle des Concils 1440-1443 -- Bd. VIII. Acten, Rechnungen und Protokolle. 611 24$aConcilium Basileense$d(1431-1449).$0(OLS)http://pul/subject/1202 710 2 $aHistorische und Antiquarische Gesellschaft zu Basilea.$0(OLS)http://pul/name/79754 850 $aPUL 852 $aPUL$W1$xSL Religione 1$y3$m27 B 8-15$j61788$nBK-PRI$b $qStampati$B61788$CPULBib$Z2$F61788 $H $81 852 $aPUL$W1$xSL Religione 1$y3$m27 B 8-15$j61788$nBK-PRI$b $qStampati$B61789$CPULBib$Z2$F61789 $H $81 852 $aPUL$W1$xSL Religione 1$y3$m27 B 8-15$j61788$nBK-PRI$b $qStampati$B61790$CPULBib$Z2$F61790 $H $81 852 $aPUL$W1$xSL Religione 1$y3$m27 B 8-15$j61788$nBK-PRI$b $qStampati$B61791$CPULBib$Z2$F61791 $H $81 852 $aPUL$W1$xSL Religione 1$y3$m27 B 8-15$j61788$nBK-PRI$b $qStampati$B61792$CPULBib$Z2$F61792 $H $81 852 $aPUL$W1$xSL Religione 1$y3$m27 B 8-15$j61788$nBK-PRI$b $qStampati$B61793$CPULBib$Z2$F61793 $H $81 852 $aPUL$W1$xSL Religione 1$y3$m27 B 8-15$j61788$nBK-PRI$b $qStampati$B61794$CPULBib$Z2$F61794 $H $81 852 $aPUL$W1$xSL Religione 1$y3$m27 B 8-15$j61788$nBK-PRI$b $qStampati$B61795$CPULBib$Z2$F61795 $H $81 941 1 $a8 996 $6245$aConcilium Basiliense :$bStudien und Quellen zur Geschichte des Concils von Basel$9(OLS)http://pul/title/62079 996 $6260$aBasel :$bKraus Reprint$9(OLS)http://pul/publisher/66332